[Event "32nd British Rapid-ch 2018"]
[Site "Ilkley"]
[Date "2018.11.25"]
[Round "8"]
[White "Gormally, Daniel W"]
[Black "Barry, Colm"]
[Result "1-0"]
[WhiteElo "2483"]
[BlackElo "2241"]
[Annotator "TA"]
[PlyCount "73"]
[EventDate "2018.11.24"]
[EventType "swiss"]
[EventCountry "ENG"]

{[%evp 9,73,34,40,16,39,-16,47,39,74,56,50,-4,45,43,37,37,43,37,62,40,62,70,101,102,113,108,114,114,122,64,105,76,124,84,124,121,136,126,139,133,137,96,96,79,169,175,216,191,218,209,198,151,189,170,296,285,291,287,270,332,327,305,928,914,29988,29989]} 1. d4 f5 2. Bg5 Nf6 3. Bxf6 exf6 4. e3 d5 5. Bd3 Be6 {LiveBook: 12 Games} 6. Nh3 {A80: Dutch Defence: Unusual White second moves} (6. c3 Bd6 7. Ne2 Nc6 8. Qc2 Qd7 9. Nd2 g6 10. h4 h5 11. g3 O-O-O 12. b4 Kb8 13. Nb3 Ne7 {½-½ (98) Alarcon Casellas,R (2503)-Perez Manas,B (2375) Barcelona 2015}) 6... Bd6 7. Nd2 $146 (7. Qf3 $14) ({Predecessor:} 7. Qf3 g6 8. Nf4 Bxf4 9. Qxf4 Nc6 10. a3 Qe7 11. Nc3 a6 12. b4 b5 13. O-O O-O {½-½ (26) Nguyen,J-Wagner,C (2385) Lyon 1999}) 7... c6 (7... Nc6 $11) 8. c4 {White is slightly better.} g6 9. O-O Nd7 10. cxd5 (10. c5 $14 Bc7 11. g3) 10... cxd5 11. Qf3 O-O 12. Nf4 Bxf4 $1 13. Qxf4 Rc8 14. Qd6 Re8 15. Nb3 $36 {[%mdl 2048] White has the initiative.} Qb6 16. Qa3 Bf7 17. Rac1 Nf8 18. Nc5 a5 19. Nb3 (19. Rc3 $16) 19... Ra8 20. Rc5 a4 21. Na1 {[%cal Bb3a1,Ba1c2,Bc2e1][%mdl 32]} Ne6 22. Rxd5 f4 23. Rb5 Qc7 24. Nc2 f3 25. g3 Ng5 26. Rc1 Rac8 {[#]} (26... b6 $16 {was called for.}) 27. Rc5 $1 $18 {[%cal Rc5c7]} Qd7 28. Ne1 b6 29. Rxc8 Rxc8 30. Rc3 f5 {[#]} 31. Qb4 $1 Ne4 (31... Rxc3 {keeps fighting.} 32. bxc3 Bxa2) 32. Rxc8+ ({Worse is} 32. Nxf3 Nxc3 33. bxc3 Qc6 $15) 32... Qxc8 33. Nxf3 Qc1+ 34. Kg2 Bd5 {White should prevent ...Nd2.} 35. Qxb6 {And now Qd8+ would win.} Nf6 $2 (35... Kg7) 36. Qxf6 {aiming for Qd8+.} Qd1 37. Qd8+ {[%mdl 64] Double Attack. Accuracy: White = 47%, Black = 27%.} 1-0

[Event "32nd British Rapid-ch 2018"]
[Site "Ilkley"]
[Date "2018.11.25"]
[Round "8"]
[White "Bates, Richard A"]
[Black "Han, Yichen"]
[Result "1-0"]
[WhiteElo "2378"]
[BlackElo "2061"]
[PlyCount "57"]
[EventDate "2018.11.24"]
[EventType "swiss"]
[EventCountry "ENG"]

1. d4 Nf6 2. Nf3 g6 3. g3 Bg7 4. Bg2 O-O 5. O-O d6 6. c4 Nbd7 7. Nc3 e5 8. e4 a6 9. h3 exd4 10. Nxd4 Re8 11. Rb1 Ne5 12. b3 c5 13. Nc2 Rb8 14. a4 Be6 15. Bb2 Qc7 16. Ne3 Nc6 17. f4 Nd4 18. f5 Bd7 19. Ned5 Qd8 20. g4 b5 21. axb5 axb5 22. cxb5 Nxb5 23. Nxb5 Bxb5 24. fxg6 Bxf1 25. Qxf1 fxg6 26. Nxf6+ Bxf6 27. Bxf6 Qd7 28. e5 dxe5 29. Rd1 1-0

[Event "32nd British Rapid-ch 2018"]
[Site "Ilkley"]
[Date "2018.11.25"]
[Round "8"]
[White "Surtees, Mike J"]
[Black "Sarakauskas, Gediminas"]
[Result "1-0"]
[WhiteElo "2096"]
[BlackElo "2425"]
[Annotator "TA"]
[PlyCount "65"]
[EventDate "2018.11.24"]
[EventType "swiss"]
[EventCountry "ENG"]

{[%evp 9,65,-9,-4,-10,-10,-13,-8,-23,0,-7,-2,-15,11,-23,-22,-27,-17,-30,0,-25,-24,-27,89,83,144,160,143,170,264,137,206,190,193,189,200,168,336,307,622,610,601,577,1100,999,1081,992,1021,922,1639,1720,1851,1737,29986,29985,29991,29992,29992,29991]} 1. e4 e5 2. d3 Nc6 3. a3 (3. Nf3 Nf6 4. c3 d5 5. Nbd2 Bc5 6. Be2 O-O 7. O-O Re8 8. b4 Bb6 9. a4 a5 10. b5 Nb8 11. h3 dxe4 12. dxe4 Nbd7 13. Qc2 Bc5 14. Nc4 Qe7 15. Bg5 {0-1 (35) Caruana,F (2822)-Aronian,L (2767) chess.com INT 2018}) 3... Nf6 4. c4 a5 5. Be3 b6 $146 ({Predecessor:} 5... d6 6. h3 Be7 7. Ne2 Be6 8. Nbc3 Nd7 9. Nd5 f5 10. g3 O-O 11. Bg2 Rc8 {1-0 (50) Surtees,M (2113)-Wadsworth,M (2037) North Shields 2012}) 6. h3 {C20: 1 e4 e5: Unusual White second moves} Bc5 7. Nf3 d6 8. g3 {The position is equal.} Bd7 9. Nc3 O-O 10. Bg2 Qc8 11. Nd5 Nxd5 12. cxd5 Ne7 13. g4 a4 14. O-O h5 15. gxh5 f6 (15... Bxh3 $11 {remains equal.} 16. Nh4 Qg4 17. Qxg4 Bxg4) 16. Kh2 $16 Kf7 (16... f5 $142) 17. d4 exd4 18. Nxd4 f5 (18... Rh8 $142 19. Rg1 g6) 19. Rg1 (19. h6 $18) 19... Kg8 20. f4 {[%cal Bf2f4,Bf4e5][%mdl 32]} Qe8 {next ...Nxd5 is good for Black.} 21. e5 dxe5 22. fxe5 {h6 is the strong threat.} c6 $2 {[#]} (22... f4) 23. d6 $18 Nd5 $2 (23... Ng6) 24. Bxd5+ $1 cxd5 25. Bf4 Bxd4 26. Qxd4 {[%mdl 64] [#] e6 would kill now. Double Attack} Be6 27. Rg5 Kh7 28. Rag1 Rf7 29. Rg6 Rc8 30. Qf2 d4 31. h6 {[%cal Bh5h6,Bh6g7][%mdl 32] White mates.} d3 32. hxg7 Kg8 33. Rh6 {Accuracy: White = 55%, Black = 27%.} 1-0

[Event "32nd British Rapid-ch 2018"]
[Site "Ilkley"]
[Date "2018.11.25"]
[Round "8"]
[White "Burke, Mitchell R"]
[Black "Van Kemenade, Rudy"]
[Result "0-1"]
[WhiteElo "1994"]
[BlackElo "1953"]
[PlyCount "32"]
[EventDate "2018.11.24"]
[EventType "swiss"]
[EventCountry "ENG"]

1. e4 e5 2. Nf3 Nf6 3. Nxe5 d6 4. Nf3 Nxe4 5. d4 d5 6. Bd3 Nc6 7. O-O Bg4 8. c3 Be7 9. Re1 f5 10. Nbd2 O-O 11. Qb3 Kh8 12. Ne5 Nxe5 13. dxe5 Nxf2 14. Kxf2 Bc5+ 15. Kg3 Qg5 16. h3 Bd1+ {Kh2Bxb3 [%clk 0:00:00] Nxb3 [%clk 0:00:00] f4 [%clk 0:00:00] Nxc5 [%clk 0:00:00] Qg3+ [%clk 0:00:00]} 0-1

[Event "32nd British Rapid-ch 2018"]
[Site "Ilkley"]
[Date "2018.11.25"]
[Round "9"]
[White "Sarakauskas, Gediminas"]
[Black "Keely, Leo A"]
[Result "1-0"]
[WhiteElo "2425"]
[BlackElo "1964"]
[Annotator "TA"]
[PlyCount "86"]
[EventDate "2018.11.24"]
[EventType "swiss"]
[EventCountry "ENG"]

{[%evp 9,86,46,47,48,93,81,83,82,79,87,94,47,103,102,102,103,92,103,103,57,125,112,121,117,132,107,131,106,136,109,144,155,178,182,181,160,189,179,307,294,295,267,331,331,337,337,358,362,346,363,562,540,590,617,673,667,971,965,948,900,1415,1380,1761,1709,3263,2989,3308,3325,5635,4664,29990,29991,29991,29992,29992,29993,29994,29995,29997]} 1. e4 d5 2. exd5 Nf6 3. Bb5+ Nbd7 4. c4 a6 5. Bxd7+ Bxd7 {LiveBook: 5 Games} 6. Nf3 {B01: Scandinavian Defence} (6. d4 e6 7. dxe6 Bxe6 8. d5 Bg4 9. f3 Bf5 10. Be3 Bb4+ 11. Kf2 O-O 12. a3 Bd6 13. Ne2 Re8 {0-1 (26) Movsesian,S (2630)-Damaso,R (2465) Pula 1997}) 6... c6 7. dxc6 Bxc6 8. d4 {White is better.} e6 9. O-O Bd6 $146 ({Predecessor:} 9... Be7 10. Nc3 O-O 11. Ne5 Qb6 12. Nxc6 Qxc6 {1-0 (44) Ikonomopoulos,I (1915)-Kanagenthiran,P (1917) ICCF email 2016}) 10. Ne5 O-O (10... Bxe5 $14 11. dxe5 Nd7) 11. Nxc6 $16 bxc6 12. Nc3 Qc7 13. h3 Rad8 14. Be3 Qb8 ({Black should play} 14... c5 $14) 15. Qb3 Qc7 16. Qc2 Bb4 17. Ne4 Be7 18. Rfd1 Rb8 19. b3 {[%cal Bb2b3,Bb3b4,Bb4b5][%mdl 32]} Rfd8 20. Nc5 Bxc5 21. dxc5 Qe5 22. Rxd8+ Rxd8 23. Rd1 Qc7 (23... Rxd1+ $142 24. Qxd1 h5 25. Qd8+ Kh7) 24. b4 Rb8 25. Rb1 h6 26. a4 Qd7 27. Qe2 e5 28. b5 Qf5 29. Rd1 g5 (29... axb5 {was worth a try.} 30. axb5 Ne8) 30. Rd6 $18 g4 31. Rxc6 gxh3 32. Qf3 h2+ 33. Kh1 Qxf3 34. gxf3 {[%cal Bg2f3,Bf3e4][%mdl 4128] Endgame KRB-KRN} Ne8 35. Rxa6 f5 36. c6 f4 37. Bc5 e4 38. fxe4 Rd8 39. b6 Nf6 40. c7 {White mates.} Rd1+ 41. Kxh2 Ng4+ 42. Kh3 h5 43. c8=Q+ Kh7 {Accuracy: White = 79%, Black = 16%.} 1-0

[Event "32nd British Rapid-ch 2018"]
[Site "Ilkley"]
[Date "2018.11.25"]
[Round "9"]
[White "Surtees, Mike J"]
[Black "Bates, Richard A"]
[Result "0-1"]
[WhiteElo "2096"]
[BlackElo "2378"]
[PlyCount "61"]
[EventDate "2018.11.24"]
[EventType "swiss"]
[EventCountry "ENG"]

1. e4 c5 2. Nh3 Nc6 3. f4 d5 4. exd5 Qxd5 5. Nc3 Qe6+ 6. Be2 Nd4 7. O-O Nxe2+ 8. Nxe2 Qc6 9. Nf2 Nf6 10. b3 b6 11. Kh1 Bb7 12. Rg1 h5 13. Qf1 h4 14. Nh3 Bc8 15. Ng5 h3 16. Qf3 Bb7 17. Qxc6+ Bxc6 18. Nf3 Ng4 19. Rf1 hxg2+ 20. Kxg2 Nxh2 21. Neg1 Nxf1 22. Kxf1 f6 23. Kf2 e6 24. Bb2 Bd6 25. Ne2 Rh3 26. Neg1 Rh1 27. Re1 Kf7 28. Ke3 Rah8 29. Re2 Bxf3 30. Nxf3 Rf1 31. Bc1 0-1

[Event "32nd British Rapid-ch 2018"]
[Site "Ilkley"]
[Date "2018.11.25"]
[Round "9"]
[White "Van Kemenade, Rudy"]
[Black "Gormally, Daniel W"]
[Result "0-1"]
[WhiteElo "1953"]
[BlackElo "2483"]
[Annotator "TA"]
[PlyCount "70"]
[EventDate "2018.11.24"]
[EventType "swiss"]
[EventCountry "ENG"]

{[%evp 16,70,51,50,72,41,58,8,45,0,0,0,-2,-8,-12,-5,-10,-32,-39,-120,-122,-122,-113,-123,-114,-100,-110,-178,-194,-192,-107,-164,-150,-191,-187,-169,-37,-37,0,0,0,-40,-63,-64,-82,-168,-176,-176,-167,-270,-259,-267,-262,-247,-257,-745,-725]} 1. e4 c5 2. Nf3 d6 3. Bb5+ Nd7 4. O-O Ngf6 5. Re1 a6 6. Bf1 g6 {B51: Sicilian: Moscow Variation (3 Bb5+) without 3...Bd7} (6... b6 7. d4 cxd4 8. Qxd4 Bb7 9. Nc3 e6 10. Bg5 Be7 11. Rad1 Qc7 12. a4 Rc8 13. h3 O-O 14. Qe3 h6 15. Bh4 Rfd8 16. Bg3 {0-1 (26) Bacrot,E (2708)-Karjakin,S (2781) Paris 2017}) 7. c3 Bg7 8. d4 O-O 9. a4 {LiveBook: 5 Games} b6 10. h3 $146 ({Predecessor:} 10. d5 Qc7 11. h3 Ne5 12. Nxe5 dxe5 13. c4 Bd7 14. Nc3 {0-1 (73) Di Berardino,D (2512)-Quintiliano Pinto,R (2430) Florianopolis 2016}) 10... Bb7 11. e5 Ne8 12. exd6 Nxd6 13. dxc5 Nxc5 14. Bf4 Qd7 15. Nbd2 Rfd8 {[%cal Bf8d8,Bd8d3,Bd3f3][%mdl 32]} 16. Nc4 Nxc4 17. Bxc4 ({Better is} 17. Qxd7 $15 Rxd7 18. Bxc4) 17... Qf5 $17 18. Qc1 Bxf3 19. gxf3 Nd3 ({Much worse is} 19... Qxh3 $6 20. Rxe7 Qxf3 21. Rxf7 $11) 20. Bxd3 Rxd3 21. Rxe7 (21. Qc2 $17 {is a better defense.}) 21... Rxf3 $19 22. Bg3 Qxh3 (22... Qc5 $1 $19 23. Re3 Bh6 {[%mdl 64] Skewer}) 23. Qe1 (23. Qf1 $17 Qf5 24. Rae1) 23... Bf8 24. Re8 Rxe8 $40 {[%mdl 128] Black wants a kill.} 25. Qxe8 {[#]} Kg7 (25... Rd3 $1 $19 {And now ...h5 would win.} 26. Qa8 h5) 26. Qe5+ $15 f6 27. Qc7+ Kh6 {White must now prevent ...Bc5.} 28. b4 Rd3 29. Re1 Qg4 30. Qf4+ (30. Kf1 $17) 30... Qxf4 $19 31. Bxf4+ g5 32. Bg3 (32. Bh2 $142) 32... Rxc3 33. Re6 Bxb4 34. Rxf6+ {[#]} Kh5 $1 35. Rxb6 $2 {[#]} (35. Kg2) 35... Rxg3+ $1 {[%mdl 512] Accuracy: White = 37%, Black = 64%.} 0-1

[Event "32nd British Rapid-ch 2018"]
[Site "Ilkley"]
[Date "2018.11.25"]
[Round "10"]
[White "Bates, Richard A"]
[Black "Willow, Jonah B"]
[Result "1-0"]
[WhiteElo "2378"]
[BlackElo "2224"]
[PlyCount "111"]
[EventDate "2018.11.24"]
[EventType "swiss"]
[EventCountry "ENG"]

1. d4 Nf6 2. Nf3 e6 3. c4 c5 4. d5 exd5 5. cxd5 d6 6. Nc3 g6 7. Bf4 Bg7 8. e3 O-O 9. Be2 Re8 10. Nd2 a6 11. a4 Bf5 12. Nc4 Bf8 13. O-O Qc7 14. a5 h6 15. h3 Ne4 16. Nxe4 Bxe4 17. f3 Bf5 18. e4 Bc8 19. Qe1 Nd7 20. Qg3 Ne5 21. Nxe5 dxe5 22. Be3 b5 23. axb6 Qxb6 24. Bc4 Qxb2 25. d6 Be6 26. d7 Bxc4 27. dxe8=Q Rxe8 28. Rfb1 Qe2 29. Re1 Qb2 30. Rac1 Qb4 31. Qf2 Rc8 32. Rb1 Qa4 33. Ra1 Qc6 34. Qh4 Kh7 35. Red1 Bb5 36. Rd8 Rxd8 37. Qxd8 Qd6 38. Rd1 Qxd8 39. Rxd8 Be7 40. Rc8 Kg7 41. Bxc5 Bxc5+ 42. Rxc5 Kf6 43. Kf2 Ke6 44. Rc7 f5 45. exf5+ Kxf5 46. Ke3 h5 47. Rc5 Kf6 48. h4 Bf1 49. g3 Ke6 50. Ke4 Kf6 51. Rc6+ Kg7 52. Kxe5 Bg2 53. Rc7+ Kh6 54. Kf4 Bf1 55. g4 hxg4 56. fxg4 1-0

[Event "32nd British Rapid-ch 2018"]
[Site "Ilkley"]
[Date "2018.11.25"]
[Round "10"]
[White "Wall, Tim P"]
[Black "Gormally, Daniel W"]
[Result "1-0"]
[WhiteElo "2248"]
[BlackElo "2483"]
[Annotator "TA"]
[PlyCount "29"]
[EventDate "2018.11.24"]
[EventType "swiss"]
[EventCountry "ENG"]

{[%evp 9,29,-11,0,0,0,0,0,0,0,-12,17,28,24,24,34,41,70,77,270,275,269,265]} 1. b3 d5 2. Bb2 Bg4 3. f3 Bh5 4. e3 (4. Nh3 e6 5. c4 Nf6 6. cxd5 exd5 7. e3 Bd6 8. Be2 Bg6 9. Na3 c6 10. O-O O-O 11. f4 Bf5 {0-1 (54) Vachier Lagrave,M (2762)-Sargissian,G (2686) Dubai 2014}) 4... Nd7 5. Be2 e5 $146 ({Predecessor:} 5... e6 6. f4 Bxe2 7. Qxe2 Ngf6 8. Nf3 Bd6 9. O-O Qe7 10. d3 h5 11. Nbd2 O-O-O {0-1 (26) Krukowski,F-Eisenmann,W Germany 1990}) 6. f4 {A01: Nimzowitsch-Larsen Opening} Bxe2 7. Qxe2 exf4 8. exf4+ {The position is equal.} Qe7 9. Nc3 c6 10. O-O-O O-O-O 11. Nf3 {[%cal Bg1f3,Bf3e5,Be5c6,Bc6b4][%mdl 32]} Qb4 12. g3 h6 13. Ne5 Re8 $2 {[#]} (13... Nxe5 $16 14. fxe5 (14. Qxe5 Nf6 $11) 14... d4) 14. Nxc6 $1 $18 {[%mdl 576] Double Attack, Discovered Attack} Rxe2 (14... bxc6 15. Qxe8+) 15. Nxb4 1-0

[Event "32nd British Rapid-ch 2018"]
[Site "Ilkley"]
[Date "2018.11.25"]
[Round "10"]
[White "Barry, Colm"]
[Black "Surtees, Mike J"]
[Result "0-1"]
[WhiteElo "2241"]
[BlackElo "2096"]
[PlyCount "86"]
[EventDate "2018.11.24"]
[EventType "swiss"]
[EventCountry "ENG"]

1. e4 c5 2. c3 d5 3. exd5 Qxd5 4. d4 e6 5. Nf3 Nf6 6. Bd3 Nc6 7. O-O a6 8. Be3 c4 9. Be2 b5 10. Nbd2 Bb7 11. b3 cxb3 12. c4 bxc4 13. Bxc4 Qd7 14. Bxb3 Nd5 15. Nc4 Bd6 16. Nxd6+ Qxd6 17. Ng5 Nf6 18. Rb1 Nd8 19. Qd2 Nd5 20. Ne4 Qe7 21. Bg5 f6 22. Bf4 Nxf4 23. Qxf4 O-O 24. Rfe1 Bxe4 25. Qxe4 Rb8 26. d5 Kh8 27. dxe6 Nb7 28. Bd5 Nc5 29. Qc4 Rbc8 30. Qb4 Rfd8 31. Bb3 Rc7 32. Rbd1 Rdc8 33. g3 h6 34. Bd5 Rd8 35. Bc4 Rdc8 36. Rd4 Rb7 37. Qa3 Rbc7 38. Red1 Rc6 39. Rd7 Qe8 40. Ra7 Nxe6 41. Bxe6 Qxe6 42. Qf3 Rc1 43. Rxc1 Rxc1+ {Kg2Rc8 [%clk 0:00:00] Qb7 [%clk 0:00:00] Qc6+ [%clk 0:00:00] Qxc6 [%clk 0:00:00] Rxc6 [%clk 0:00:00] h4 [%clk 0:00:00] h5 [%clk 0:00:00] Kf3 [%clk 0:00:00] Kh7 [%clk 0:00:00] a4 [%clk 0:00:00] Kg6 [%clk 0:00:00] a5 [%clk 0:00:00] f5 [%clk 0:00:00] Rb7 [%clk 0:00:00] Rc3+ [%clk 0:00:00] Kf4 [%clk 0:00:00] Rc4+ [%clk 0:00:00] Ke3 [%clk 0:00:00] Re4+ [%clk 0:00:00] Kd3 [%clk 0:00:00] Re6 [%clk 0:00:00] Rb6 [%clk 0:00:00] Kf7f4 [%clk 0:00:00] Ke7 [%clk 0:00:00] Kd4 [%clk 0:00:00] Rd6+ [%clk 0:00:00]} 0-1

[Event "32nd British Rapid-ch 2018"]
[Site "Ilkley"]
[Date "2018.11.25"]
[Round "10"]
[White "Van Kemenade, Rudy"]
[Black "Sarakauskas, Gediminas"]
[Result "0-1"]
[WhiteElo "1953"]
[BlackElo "2425"]
[Annotator "TA"]
[PlyCount "66"]
[EventDate "2018.11.24"]
[EventType "swiss"]
[EventCountry "ENG"]

{[%evp 15,66,15,20,23,32,28,29,21,21,18,22,8,4,-4,0,0,1,-18,24,-19,-30,-12,-10,-95,-46,-45,-47,-143,-139,-218,-247,-242,-234,-301,-300,-418,-437,-428,-425,-433,-422,-454,-444,-552,-548,-568,-554,-551,-552,-657,-641,-601,-581]} 1. e4 c5 2. Nf3 e6 3. d3 Nc6 4. g3 g6 5. Bg5 Qc7 6. Bg2 Bg7 7. c3 Nge7 8. O-O {B30: Sicilian: 2...Nc6 3 Bb5, lines without ...g6} d6 {LiveBook: 3 Games} (8... O-O 9. d4 cxd4 10. cxd4 d5 11. e5 Qb6 12. Qd2 Nf5 13. Rd1 h6 14. Bf4 g5 15. Be3 Nxe3 16. Qxe3 Qxb2 {1-0 (25) Mchedlishvili,M (2602)-Magalashvili,D (2506) Tbilisi 2018}) 9. Na3 a6 10. d4 {White is slightly better.} cxd4 11. cxd4 d5 $146 ({Predecessor:} 11... h6 12. Bxe7 Qxe7 13. Nc4 b5 14. Nb6 Rb8 15. Nxc8 Rxc8 {½-½ (36) Pinter,G (2332)-Botvinnik,M (2246) Litohoto 1999}) 12. e5 h6 13. Be3 Nf5 14. Rc1 Qb6 15. Qd2 Bd7 16. h4 Qb4 17. Rfd1 Qxd2 18. Rxd2 O-O 19. b3 (19. Nb1 $1 $11) 19... Nb4 20. Rc7 Bc6 21. Ne1 ({White should play} 21. Bf4 $15) 21... a5 $17 22. Nd3 (22. g4 $17 Nxh4 23. Bf1) 22... Na6 $19 23. Rxc6 bxc6 24. Rc2 Rfc8 25. Bh3 Nxe3 26. fxe3 {Black is clearly winning.} Bf8 27. Nb1 c5 28. Rf2 Nb4 29. Nf4 cxd4 30. exd4 Rc1+ 31. Rf1 Nxa2 32. Nd3 Rxf1+ 33. Bxf1 Rc8 {Accuracy: White = 19%, Black = 70%.} 0-1

[Event "32nd British Rapid-ch 2018"]
[Site "Ilkley"]
[Date "2018.11.25"]
[Round "11"]
[White "Gormally, Daniel W"]
[Black "Tate, Alan"]
[Result "1-0"]
[WhiteElo "2483"]
[BlackElo "2335"]
[Annotator "TA"]
[PlyCount "80"]
[EventDate "2018.11.24"]
[EventType "swiss"]
[EventCountry "ENG"]

{[%evp 20,80,36,43,39,33,55,46,103,28,36,35,40,24,55,54,41,41,58,39,68,27,32,29,28,30,48,41,42,47,45,45,86,70,75,86,87,73,81,93,104,89,110,117,108,32,22,37,25,5,47,0,0,0,0,0,0,0,0,-7,0,0,34]} 1. d4 Nf6 2. Nf3 e6 3. c4 b6 4. g3 Bb4+ 5. Nbd2 {[%cal Bb1d2,Bd2b3,Bb3d4,Bd4b5,Bb5c3][%mdl 32]} c5 6. Bg2 Bb7 7. O-O cxd4 8. Nb3 Be7 9. Nbxd4 {E15: Queen's Indian: 4 g3 sidelines, 4 g3 Ba6 and 4 g3 Bb7 early deviations} O-O 10. Nb5 d6 11. Bf4 {[%cal Rb5d6] LiveBook: 4 Games. White is slightly better.} Ne8 12. Qc2 {And now Ng5 would win.} Nc6 13. Rfd1 Qb8 (13... a6 $14) 14. Rac1 (14. Ng5 $16 Bxg5 15. Bxg5) 14... a6 $11 15. Nc3 Nf6 16. Qb1 Na5 17. b3 $146 Rd8 18. e4 Nd7 19. h3 Ne5 20. Nd4 (20. Be3 {feels hotter.} Nd7 21. Nd4 Nc6 22. Nde2 Na7 23. h4) 20... Nac6 21. Be3 Nxd4 22. Bxd4 Qc7 23. Qb2 Bf8 24. f4 Nd7 25. Qf2 $36 {[%mdl 2048] White fights for an advantage.} Rab8 26. Nd5 exd5 27. cxd5 Nc5 {[#] ...a5 is the strong threat.} 28. b4 Qd7 29. bxc5 bxc5 30. Bc3 Qa4 31. e5 Bc8 32. f5 (32. Re1 $16) 32... dxe5 $1 $14 33. Bxe5 Rb5 34. f6 g6 $1 35. Bc7 (35. Re1 $5 {[%cal Re5c7]}) 35... Re8 {The position is equal.} 36. Re1 Rxe1+ 37. Rxe1 {Hoping for Bd6!} ({Reject} 37. Qxe1 Rb2 $15) 37... Bd7 38. Be5 Qa5 39. Rc1 h6 40. h4 Kh7 {Accuracy: White = 67%, Black = 41%.} 1-0

[Event "32nd British Rapid-ch 2018"]
[Site "Ilkley"]
[Date "2018.11.25"]
[Round "11"]
[White "Sarakauskas, Gediminas"]
[Black "Barry, Colm"]
[Result "1-0"]
[WhiteElo "2425"]
[BlackElo "2241"]
[Annotator "TA"]
[PlyCount "49"]
[EventDate "2018.11.24"]
[EventType "swiss"]
[EventCountry "ENG"]

{[%evp 11,49,15,33,20,52,20,18,16,22,3,28,4,9,-6,-8,-51,-3,0,0,-4,0,0,0,-6,7,0,0,0,22,-25,29,36,44,42,439,364,557,546,29986,29987]} 1. e4 d5 2. exd5 Qxd5 3. Nc3 Qa5 4. Bc4 Nf6 5. d3 c6 6. Nge2 Bf5 {LiveBook: 7 Games. B01: Scandinavian Defence} (6... g6 7. O-O Bg7 8. Ng3 O-O 9. Bd2 Qc7 10. a4 e5 11. h3 Re8 12. Nge4 Be6 13. Nxf6+ Bxf6 14. Bxe6 Rxe6 {½-½ (14) Mirzoev,A (2564)-Ibrahimov,R (2568) Baku 2009}) 7. h3 h6 8. Ng3 $146 ({Predecessor:} 8. Bd2 e6 9. Ng3 Bg6 10. Qe2 Qc7 11. f4 Nbd7 12. O-O-O O-O-O 13. Nge4 {1-0 (32) Leconte,M (2321)-Congiu,M (2237) Chalons en Champagne 2011}) 8... Bh7 {The position is equal.} 9. O-O e6 10. f4 Bd6 11. Qf3 Nbd7 12. a3 O-O 13. Ba2 Rad8 (13... Bxa3 $5 14. f5 Kh8 $15) 14. Kh1 Qc7 15. Nge4 Nxe4 16. Nxe4 Be7 17. Ng3 Bd6 18. Nh5 Bg6 19. Bd2 c5 20. Rf2 Nb8 (20... Nb6 $142) 21. Bc3 $11 Bxh5 $1 22. Qxh5 {[#] Hoping for Qg4.} Bxf4 $2 {[%mdl 8192]} ({Black should play} 22... Nc6 $14) 23. Raf1 $18 g6 (23... Be3 {was worth a try.} 24. Qg4 Bd4 25. Rxf7 Rxf7 26. Rxf7 Qe5 27. Bxd4 cxd4 28. Qxe6 Qxe6 29. Bxe6 Re8) 24. Qg4 g5 25. Rxf4 {Accuracy: White = 36%, Black = 36%.} 1-0

[Event "32nd British Rapid-ch 2018"]
[Site "Ilkley"]
[Date "2018.11.25"]
[Round "11"]
[White "Wall, Tim P"]
[Black "Bates, Richard A"]
[Result "1/2-1/2"]
[WhiteElo "2248"]
[BlackElo "2378"]
[PlyCount "40"]
[EventDate "2018.11.24"]
[EventType "swiss"]
[EventCountry "ENG"]

1. d4 Nf6 2. Bg5 Ne4 3. Bf4 c5 4. d5 e5 5. Bxe5 d6 6. Bc3 b5 7. Nf3 Nxc3 8. Nxc3 b4 9. Ne4 g6 10. e3 Qe7 11. Bb5+ Nd7 12. Qd3 Bg7 13. Rb1 O-O 14. O-O a5 15. a4 Nb6 16. Ned2 f5 17. Nc4 Nxc4 18. Bxc4 Kh8 19. Nd2 f4 20. e4 Be5 1/2-1/2

[Event "32nd British Rapid-ch 2018"]
[Site "Ilkley"]
[Date "2018.11.25"]
[Round "11"]
[White "Willow, Jonah B"]
[Black "Shaw, Peter"]
[Result "0-1"]
[WhiteElo "2224"]
[BlackElo "2077"]
[PlyCount "90"]
[EventDate "2018.11.24"]
[EventType "swiss"]
[EventCountry "ENG"]

1. Nc3 d5 2. e4 d4 3. Nce2 e5 4. Ng3 g6 5. Bc4 h5 6. Nf3 Nc6 7. d3 h4 8. Ne2 h3 9. gxh3 Be7 10. Rg1 Bxh3 11. Ng5 Bxg5 12. Bxg5 Qd7 13. Qd2 Nd8 14. O-O-O Ne6 15. Qb4 c6 16. f4 f6 17. Bxf6 Nxf6 18. Rxg6 Qe7 19. Qa5 Nxf4 20. Nxf4 exf4 21. Qg5 Nd7 22. Rg8+ Rxg8 23. Qxg8+ Nf8 24. Qh8 Be6 25. Bxe6 Qxe6 26. Qxd4 b6 27. Rf1 Rd8 28. Qa4 Ng6 29. Qxa7 Qh3 30. Re1 b5 31. Qg7 Ne7 32. e5 Qe6 33. h4 Kd7 34. Qh7 Rf8 35. Qe4 Qd5 36. e6+ Kc7 37. Qb4 Qd6 38. Qe4 f3 39. Kb1 f2 40. Rf1 Qg3 41. Qd4 Qg2 42. Qa7+ Kd6 43. Qd7+ Ke5 44. d4+ Ke4 45. b3 Qxf1+ {Kb2Qd1 [%clk 0:00:00] Qxe7 [%clk 0:00:00] Qxd4+ [%clk 0:00:00] c3 [%clk 0:00:00] Qd2+ [%clk 0:00:00] Ka3 [%clk 0:00:00] Ra8+ [%clk 0:00:00] Kb4c5+ [%clk 0:00:00] Qxc5 [%clk 0:00:00] f1=Q [%clk 0:00:00] Qc6 [%clk 0:00:00] Qd5 [%clk 0:00:00]} 0-1